Statistics for Most Nascar Sprint Cup/Winston Cup Titles

Click here to take the quiz!

General Stats

  • This quiz has been taken 789 times
  • The average score is 16 of 29

Answer Stats

HintAnswer% Correct
6Jimmie Johnson
99%
7Richard Petty
98%
7Dale Earnhardt Sr.
94%
4Jeff Gordon
94%
3Lee Petty
92%
3Tony Stewart
86%
1Kurt Busch
81%
3Darrell Waltrip
72%
1Matt Kenseth
70%
1Dale Jarret
69%
1Bobby Labonte
68%
2Terry Labonte
67%
1Bobby Allison
64%
3Cale Yarborough
61%
2Ned Jarret
59%
1Rusty Wallace
58%
3David Pearson
56%
1Brad Keselowski
52%
1Bill Elliott
50%
1Alan Kulwicki
48%
2Buck Baker
36%
1Benny Parsons
31%
2Tim Flock
28%
1Bobby Isaac
26%
2Joe Weatherly
24%
2Herb Thomas
23%
1Rex White
20%
1Bill Rexford
15%
1Red Bryon
7%

Score Distribution

Percentile by Number Answered

Percent of People with Each Score

Your Score History

You have not taken this quiz